The Role of the Interagency Program Office in VA Electronic Health Record Modernization : hearing before the Subcommittee on Technology Modernization of the Committee on Veterans' Affairs, U.S. House of Representatives, One Hundred Fifteenth Congress, second session, Thursday, September 13, 2018.

Bibliographic Details
Corporate Author: United States. Congress. House. Committee on Veterans' Affairs. Subcommittee on Technology Modernization (Author)
Format: Government Document eBook
Language:English
Published: Washington : U.S. Government Publishing Office, 2019.
Subjects:
Online Access:https://purl.fdlp.gov/GPO/gpo129360

MARC

Tag First Indicator Second Indicator Subfields
LEADER 00000cam a2200000 i 4500
001 in00004134849
005 20211120103621.0
006 m o d f
007 cr |||||||||||
008 191205s2019 dcu ob f000 0 eng c
035 |a (OCoLC)on1129587794 
042 |a pcc 
043 |a n-us--- 
040 |a GPO  |b eng  |e rda  |e pn  |c GPO  |d GPO  |d OCLCF  |d GPO  |d MvI 
049 |a WWW 
050 4 |a KF27  |b .V48 2018a 
074 |a 1027-C (online) 
086 0 |a Y 4.V 64/3:115-78 
088 |a Serial no. 115-78 (United States. Congress. House. Committee on Veterans' Affairs) 
110 1 |a United States.  |b Congress.  |b House.  |b Committee on Veterans' Affairs.  |b Subcommittee on Technology Modernization,  |e author. 
245 1 4 |a The Role of the Interagency Program Office in VA Electronic Health Record Modernization :  |b hearing before the Subcommittee on Technology Modernization of the Committee on Veterans' Affairs, U.S. House of Representatives, One Hundred Fifteenth Congress, second session, Thursday, September 13, 2018. 
264 1 |a Washington :  |b U.S. Government Publishing Office,  |c 2019. 
300 |a 1 online resource (iii, 39 pages) 
336 |a text  |b txt  |2 rdacontent 
337 |a computer  |b c  |2 rdamedia 
338 |a online resource  |b cr  |2 rdacarrier 
588 |a Description based on online resource; title from PDF title screen (govinfo web site, viewed on Dec. 5, 2018). 
504 |a Includes bibliographical references. 
500 |a "Serial no. 115-78." 
650 0 |a Medical records  |z United States  |x Data processing. 
650 0 |a Medical records  |x Management  |z United States. 
610 1 0 |a United States.  |b Department of Veterans Affairs  |x Information technology. 
610 1 0 |a United States.  |b Department of Defense  |x Information technology. 
610 1 7 |a United States.  |b Department of Defense.  |2 fast  |0 (OCoLC)fst01852447 
610 1 7 |a United States.  |b Department of Veterans Affairs.  |2 fast  |0 (OCoLC)fst01802763 
650 7 |a Information technology.  |2 fast  |0 (OCoLC)fst00973089 
650 7 |a Medical records  |x Data processing.  |2 fast  |0 (OCoLC)fst01014552 
650 7 |a Medical records  |x Management.  |2 fast  |0 (OCoLC)fst01014564 
651 7 |a United States.  |2 fast  |0 (OCoLC)fst01204155 
655 7 |a Legislative hearings.  |2 fast  |0 (OCoLC)fst01910825 
655 7 |a Legislative hearings.  |2 lcgft 
776 0 8 |i Print version:  |a United States. Congress. House. Committee on Veterans' Affairs. Subcommittee on Technology Modernization.  |t Role of the Interagency Program Office in VA Electronic Health Record Modernization  |w (OCoLC)1129588785 
776 0 8 |i Microfiche version:  |a United States. Congress. House. Committee on Veterans' Affairs. Subcommittee on Technology Modernization.  |t Role of the Interagency Program Office in VA Electronic Health Record Modernization  |w (OCoLC)1201303913 
856 4 0 |u https://purl.fdlp.gov/GPO/gpo129360  |t 0 
999 f f |s 6338833f-da86-36e0-ad2f-9085009d4d0f  |i edbb89a7-adc7-355b-92eb-5127fe42f415  |t 0 
952 f f |a Texas A&M University  |b College Station  |c Electronic Resources  |d Available Online  |t 0  |e Y 4.V 64/3:115-78  |h Superintendent of Documents classification 
998 f f |a Y 4.V 64/3:115-78  |t 0  |l Available Online